Huellas de un procesos transformador: Movilización por la Educación en Santander 1996-2005.

La constitución Política de Colombia de 1991 ha abierta infinidad de ventajas de participación que permanecían invisibles para los colombianos. En esa perspectiva en estas páginas se relata una historia, un entramado de afectos, relaciones, sueños y esfuerzos que están haciendo posible abrir una...

Descrición completa

Gardado en:
Detalles Bibliográficos
Formato: Libro
Publicado: s.l. Fundación Antonio Restrepo Barco,
Subjects:
Acceso en liña:Enlace del recurso
Tags: Engadir etiqueta
Sen Etiquetas, Sexa o primeiro en etiquetar este rexistro!

MARC

LEADER 00000nam a2200000 a 4500
001 001592
008 081229
082 0 4 |a 370.986125/  |b H887h 
245 |a Huellas de un procesos transformador:  |b Movilización por la Educación en Santander 1996-2005. 
260 |a s.l.  |b Fundación Antonio Restrepo Barco,  
300 |a 116p.;  |b cuad. 
520 |a La constitución Política de Colombia de 1991 ha abierta infinidad de ventajas de participación que permanecían invisibles para los colombianos. En esa perspectiva en estas páginas se relata una historia, un entramado de afectos, relaciones, sueños y esfuerzos que están haciendo posible abrir una de esas ventanas: la de crear una cultura de participación en la formulación de políticas de Estado en materia de educación.Este trabajo es una invitación a conocer el camino recogido en el departamento de Santander, como un ejercici de democracia participativa y de movilización de actores y sectores sociales por la educación. 
650 1 |a EDUCACIÓN  
650 |a PROCESO EDUCATIVO 
999 |c 3744  |d 3744 
856 |u https://catalogo.idep.edu.co/cgi-bin/koha/opac-detail.pl?biblionumber=3744  |z Enlace del recurso